| 000 | 01021nam a2200313Ia 4500 | ||
|---|---|---|---|
| 003 | GCL | ||
| 008 | 140319s9999 xx 000 0 ara d | ||
| 040 |
_aGCL / _cGCL |
||
| 082 | 0 | 4 |
_a709 _bع ف |
| 100 | 1 | _aعفيف البهنسى | |
| 245 | 1 | 0 |
_aالفنون القديمة / _cعفيف البهنسى |
| 260 |
_aبيروت : _bدار الرائد اللبنانى ، _c1982 |
||
| 300 |
_a462 ص ؛ _c24 سم |
||
| 490 |
_aموسوعة تاريخ الفن والعمارة _v0 |
||
| 650 | 0 | 4 | _aمصر |
| 650 | 0 | 4 | _aالعمارة الاسلامية |
| 650 | 0 | 4 | _aالفن |
| 650 | 0 | 4 | _aالعمارة |
| 650 | 0 | 4 | _aالعمارة المصرية القديمة |
| 650 | 0 | 4 | _aالعصور الوسطى |
| 650 | 0 | 4 | _aالفن القديم |
| 650 | 0 | 4 | _aالفن البيزنطى |
| 650 | 0 | 4 | _aالفن القرطبى |
| 650 | 0 | 4 | _aالفن الاغريقى |
| 650 | 0 | 4 | _aتاريخ ونقد |
| 650 | 0 | 4 | _aالفن الاسلامى |
| 650 | 0 | 4 | _aعصر النهضة (1300 - 1494) |
| 942 |
_2ddc _cBK |
||
| 999 |
_c58486 _d58486 |
||